00992nam a22002533 45000010005000000030008000050050017000130080039000300350018000690400027000870410008001140820025001221000043001472450079001902600041002693000039003106000060003496100062004096500044004716510062005159420012005779990015005899520134006046990BD-RjUL20211208234341.0130114s1965 nyuac 000 0 eng a(BD-RjUL)7032 aDLCcDLCbengdBD-RjUL aeng04219a353.03bROL 19651 aRoberts, Charles Wesley,d1916-92191310aLBJ's inner circle /cCharles Roberts. With an introd. by Pierre Salinger. aNew York :bDelacorte Press,cc1965. a223 p. :billus., ports. ;c22 cm.10aJohnson, Lyndon B.q(Lyndon Baines),d1908-1973.92191710aUnited States.bExecutive Office of the President.921918 0aCabinet officerszUnited States.918476 0aUnited StatesxPolitics and governmenty1963-1969.921916 2ddccBK c6990d6990 00102ddc4071aRUCLbRUCLcstackd1969-03-31ePak Americang25.00l0o353.03 ROL 1965r2014-01-13 00:00:00tC-1w2014-01-13yBK